| 000 | 00955nam a2200229 4500 | ||
|---|---|---|---|
| 001 | 113610 | ||
| 003 | DR-UNIBE | ||
| 005 | 20250512152527.0 | ||
| 008 | 250512b1996 xxu||||| |||| 00| 0 spa d | ||
| 040 |
_aBIBLIOTECA UNIBE _bspa _cBIBLIOTECA UNIBE _erda |
||
| 041 | _aspa | ||
| 082 | _aF 5697 | ||
| 110 | 1 | 0 |
_aCentro para la Administración de Justicia de la Universidad Internacional de la Florida (CAJ-FIU/USAID) _9195196 _eautor |
| 245 | 1 | 0 |
_aCódigos latinoamericanos de procedimiento civil = Latin American codes of criminal procedure / _ceditores: José Ma. Rico, Luis Salas |
| 260 |
_aFlorida : _bCentro para la Administración de la Justicia, _c[Fecha no identificada] |
||
| 300 |
_a34 páginas : _c27 x 21 cm |
||
| 490 | _aLegislación penal latinoamericana | ||
| 650 | 7 |
_2lemb _aProcedimiento penal _zAmérica Latina _vCódigos _9195274 |
|
| 700 | 1 | 0 |
_aRico, José Ma _eeditor _9195272 |
| 700 | 1 | 0 |
_aSalas, Luis _912710 _eeditor |
| 942 |
_2ddc _cMX |
||
| 999 |
_c113610 _d113610 |
||